000 00413nam a2200181Ia 4500
005 20240823035726.0
008 240823s9999||||xx |||||||||||||| ||und||
041 _aENGLISH
082 _A363.73874
100 _aViraraj Sa
245 0 _aPuvi Vebbamadaithal
250 _a1st
260 _bNellai Puranagar Roodari S
500 _aTRANSFERED
650 _aGeneral
_bGeneral
942 _cBK
999 _c201369
_d201369